[Event "Croce di Magara op"]
[Site "Camigliatello"]
[Date "2005.09.10"]
[Round "1"]
[White "Ljubisavljevic, Zivojin Z"]
[Black "Salvo, Vincenzo"]
[Result "1-0"]
[WhiteElo "2261"]
[BlackElo "1682"]
[PlyCount "95"]
[EventDate "2005.09.10"]
[EventType "swiss"]
[EventRounds "9"]
[EventCountry "ITA"]
[SourceTitle "EXT 2007"]
[Source "ChessBase"]
[SourceDate "2006.11.23"]
[SourceVersion "1"]
[SourceVersionDate "2006.11.23"]
[SourceQuality "1"]

1. c4 c5 2. Nc3 Nc6 3. g3 e6 4. Bg2 Nf6 5. e4 Be7 6. Nge2 e5 7. d3 d6 8. f4 exf4 9. gxf4 Bg4 10. h3 Bh5 11. 0-0 Nd7 12. Be3 Nb6 13. Qd2 Bh4 14. Bf2 0-0 15. Qe1 Bf6 16. Ng3 g6 17. Nxh5 gxh5 18. Qe2 Kh8 19. Qxh5 Rg8 20. Qxf7 Rg7 21. Qh5 Qg8 22. Qf3 Nd4 23. Bxd4 Bxd4+ 24. Kh2 Rf8 25. Ne2 Be5 26. Rg1 Rf6 27. Bh1 Rg5 28. Rxg5 Qxg5 29. Rf1 Qh6 30. b3 Nd7 31. Qg4 Nf8 32. Rf3 Rg6 33. Qc8 Bf6 34. Rg3 Rxg3 35. Nxg3 Bh4 36. Qg4 Qf6 37. Bg2 Bxg3+ 38. Kxg3 Qg7 39. Qxg7+ Kxg7 40. Bf3 Ne6 41. Bg4 Nd4 42. e5 dxe5 43. fxe5 Kf7 44. Kf4 Nc2 45. Ke4 Nb4 46. Bf5 h6 47. a4 Na2 48. d4 1-0

[Event "Croce di Magara op"]
[Site "Camigliatello"]
[Date "2005.09.10"]
[Round "2"]
[White "Salvo, Vincenzo"]
[Black "Romeo, Myriam"]
[Result "1-0"]
[WhiteElo "1682"]
[BlackElo "1476"]
[PlyCount "145"]
[EventDate "2005.09.10"]
[EventType "swiss"]
[EventRounds "9"]
[EventCountry "ITA"]
[SourceTitle "EXT 2007"]
[Source "ChessBase"]
[SourceDate "2006.11.23"]
[SourceVersion "1"]
[SourceVersionDate "2006.11.23"]
[SourceQuality "1"]

1. e4 e5 2. Nf3 Nc6 3. Bb5 Nf6 4. d3 Bc5 5. Bxc6 dxc6 6. Bg5 h6 7. Bh4 Be7 8. Nxe5 Qd4 9. Nc4 b5 10. c3 Qd7 11. Ne5 Qe6 12. Nf3 g5 13. Bg3 Nh5 14. Bxc7 Qd7 15. Ba5 Nf4 16. 0-0 Qg4 17. g3 Nh3+ 18. Kh1 Qh5 19. Ne5 Qxd1 20. Rxd1 Nxf2+ 21. Kg2 Nxd1 22. Nd2 Nxb2 23. Nxc6 Bb7 24. Nb4 Bxb4 25. Bxb4 Nxd3 26. Bd6 Rd8 27. Ba3 Ne5 28. Nb3 Bxe4+ 29. Kh3 g4+ 30. Kh4 f5 31. Nd4 Rd7 32. Rf1 f4 33. Rxf4 Ng6+ 34. Kxg4 Nxf4 35. Kxf4 Bg6 36. Bb2 Rf8+ 37. Ke5 Re7+ 38. Kd6 Rf6+ 39. Kc5 Re5+ 40. Kb4 a5+ 41. Kxa5 Re7 42. Bc1 b4 43. Kxb4 Rc7 44. Bxh6 Rb6+ 45. Ka5 Rb8 46. Nb5 Rc5 47. a4 Bc2 48. c4 Rxc4 49. Nd6+ Kd7 50. Nxc4 Kc6 51. Bf4 Rb7 52. Ka6 Rb4 53. Ne5+ Kc5 54. a5 Ra4 55. h4 Kb4 56. Bd2+ Kc5 57. h5 Rd4 58. Be3 Kd5 59. Bxd4 Kxd4 60. Nd7 Bd3+ 61. Kb6 Bf5 62. h6 Kd5 63. Nf8 Kd6 64. h7 Ke7 65. h8Q Bg4 66. Qg7+ Kd6 67. Qxg4 Ke7 68. Qg8 Kd6 69. a6 Ke5 70. a7 Kd4 71. a8Q Kd3 72. Qf3+ Kd4 73. Qgd5# 1-0